| 000 | 00987nam a22002537a 4500 | ||
|---|---|---|---|
| 005 | 20170124103037.0 | ||
| 010 | _aA-883429 | ||
| 020 | _c200.00 | ||
| 035 | _aA-883429 | ||
| 037 | _bCen Lib/Ret | ||
| 040 |
_aDPL _bHN |
||
| 082 |
_aक _bगिरिरा |
||
| 100 |
_aगिरिराज किशोर _965956 |
||
| 245 |
_aसम्प्पूर्ण कहानियां / _c गिरिराज किशोर |
||
| 246 |
_aSampurn kahaniyan _bby Giriraaj Kishor |
||
| 260 |
_aनई दिल्ली _bप्रवीण प्रकाशन _c1997 |
||
| 270 |
_a1/1079, ई -महरौली _bनई दिल्ली _e110030 |
||
| 300 |
_a220पृष्ठ. _c20सेमी(सजिल्द) |
||
| 650 |
_aहिंदी साहित्य _965957 |
||
| 650 |
_aहिंदी कहानी _965958 |
||
| 650 |
_aHindi literature _965959 |
||
| 650 |
_aHindi story _943117 |
||
| 942 |
_2ddc _cHN _hक _mगिरिरा |
||
| 999 |
_c116327 _d116327 |
||